000 00455nam a22001697a 4500
005 20180305144724.0
008 160525b xxu||||| |||| 00| 0 eng d
020 _a978-81-7758-811-8
041 _aeng
082 _b4990
_a332.6
100 _aFischar, Donald E & Jordan, ronald j.
_94185
245 _aSecurity Analysis and Portfolio Management
260 _aNew Delhi
_bAcademic Faundation
300 _a696
650 _aManagement
_9241
942 _cBK
999 _c1747
_d1746